000
00335pab a2200133 454500
008
180718b2000 xxu||||| |||| 00| 0 eng d
100
_a
Gilkar, Nazir Ahmad
245
_a
Cost management in public sector: an analysis
260
_c
2000
300
_a
p.129-42
650
_a
Public sector
773
_a
Business Review
909
_a
45475
999
_c
45475
_d
45475